000 00289nam a2200097Ia 4500
001 1120836
005 20250827004632.0
008 250824s9999 xx 000 0 und d
245 0 _aTİMURLULAR ZAMANINDA HİNDİSTAN TÜRK İMPARATORLUĞU
_cÖMER HALİS BIYIKTAY
260 _bPANAMA YAYINLARI
999 _c1120836
_d1120836